Tous les joueurs du Réal Madrid depuis 2010 - Statistiques

Statistiques générales
  • Ce quiz a été pris 423 fois
    88 depuis la dernière actualisation
  • Le résultat moyen est 63 sur 139
Statistiques - réponses
Poste Nationalité Saison(s) Réponse % Correct
Gardien Belgique 2018- Thibaut Courtois
99%
Attaquant Portugal 2009-2018 Cristiano Ronaldo
96%
Défenseur Espagne 2005-2021 Sergio Ramos
96%
Gardien Espagne 2015-2019 Kiko Casilla
94%
Gardien Costa Rica 2014-2019 Keylor Navas
93%
Milieu Croatie 2012-2025 Luka Modric
93%
Défenseur Portugal 2007-2017 Pepe
93%
Milieu Allemagne 2014-2024 Toni Kroos
93%
Attaquant France 2009-2023 Karim Benzema
92%
Attaquant Brésil 2018- Vinicius Junior
92%
Milieu Turquie 2023- Arda Guler
90%
Défenseur Espagne 2013- Dani Carvajal
90%
Attaquant Pays de Galles 2013-2022 Gareth Bale
90%
Attaquant Bresil 2019- Rodrygo
90%
Gardien Ukraine 2018- Andriy Lunin
89%
Milieu France 2022- Aurélien Tchouaméni
89%
Défenseur Autriche 2021- David Alaba
89%
Attaquant France 2024- Kyllian Mbappé
89%
Gardien France 2019-2020 Alphonse Areola
87%
Milieu Uruguay 2017- Federico Valverde
87%
Milieu France 2021- Eduardo Camavinga
86%
Défenseur Brésil 2007-2022 Marcelo
86%
Défenseur Allemagne 2022- Antonio Rudiger
85%
Milieu Brésil 2013-2022 Casemiro
85%
Défenseur France 2019- Ferland Mendy
85%
Défenseur France 2011-2021 Raphaël Varane
85%
Milieu Argentine 2010-2014 Angel Di Maria
83%
Défenseur Maroc 2017-2020 Achraf Hakimi
82%
Gardien Espagne 1999-2015 Iker Casillas
82%
Attaquant République Dominicaine 2016-20172018-2023 Mariano Diaz
82%
Milieu Angleterre 2023- Jude Bellingham
80%
Attaquant Espagne 2019- Brahim Diaz
79%
Défenseur Brésil 2019- Éder Militao
76%
Attaquant Belgique 2019-2023 Eden Hazard
75%
Défenseur Espagne 2023- Fran Garcia
75%
Milieu Colombie 2014-2020 James Rodriguez
73%
Milieu Norvège 2015-2021 Martin Ødegaard
73%
Milieu Espagne 2023- Gonzalo Garcia
72%
Défenseur France 2017-2019 Théo Hernandez
72%
Milieu France 2015-2016 Enzo Zidane
70%
Attaquant Mexique 2014-2015 Javier Hernandez
70%
Gardien France 2018-2020 Luca Zidane
70%
Attaquant Serbie 2019-2022 Luka Jovic
70%
Milieu Allemagne 2010-2013 Mesut Ozil
70%
Attaquant Brésil 2024- Endrick
68%
Défenseur Espagne 2011-2024 Nacho
68%
Attaquant Argentine 2006-2013 Gonzalo Higuain
66%
Milieu Espagne 2013-2022 Isco
66%
Milieu Espagne 2015-2023 Marco Asensio
65%
Milieu Allemagne 2010-2015 Sami Khedira
65%
Attaquant Espagne 2009-20122023-2024 Joselu
62%
Défenseur Angleterre 2025- Trent Alexander-Arnold
62%
Attaquant Espagne 2013-2014 Willian José
62%
Milieu Croatie 2015-2019 Mateo Kovacic
61%
Défenseur Espagne 2014-2025 Lucas Vazquez
59%
Attaquant Espagne 2023-2025 Alvaro Rodriguez
58%
Milieu Espagne 2009-2014 Xabi Alonso
58%
Attaquant Espagne 2010-2014 Alvaro Morata
56%
Milieu Espagne 2017- Dani Ceballos
56%
Milieu Espagne 2012-2015 José Rodriguez
56%
Milieu France 2009-2012 Lassana Diarra
56%
Milieu Espagne 2017-2020 Oscar Rodriguez
56%
Milieu Ghana 2012-2013 Michael Essien
55%
Défenseur Portugal 2011-2018 Fabio Coentrao
54%
Défenseur Espagne 2025- Dean Huijsen
52%
Attaquant Togo 2011-2012 Emmanuel Adebayor
52%
Milieu Mali 2006-2011 Mahamadou Diarra
52%
Défenseur Espagne 2004-20062009-2013 Alvaro Arbeloa
51%
Milieu/attaquant Argentine 2025- Franco Mastantuono
51%
Milieu Brésil 2009-2013 Kaka
51%
Gardien Espagne 2005-20072013-2014 Diego Lopez
49%
Défenseur Espagne 2024- Raul Asencio
49%
Défenseur Espagne 2025- Alvaro Carreras
46%
Attaquant Espagne 2011-2016 Jesé
44%
Défenseur Espagne 2015-2025 Jesus Vallejo
41%
Défenseur Portugal 2010-2013 Ricardo Carvalho
41%
Milieu Espagne 2013-2015 Asier Illarramendi
38%
Gardien Espagne 2023-2024 Kepa Arrizabalaga
38%
Défenseur Brésil 2017-2019 Danilo
34%
Gardien Pologne 2007-2011 Jerzy Dudek
34%
Milieu Espagne 2011-2012 Alex Fernandez
31%
Défenseur Espagne 2013-2017 Diego Llorente
31%
Milieu Espagne 2015-2019 Marco Llorente
31%
Milieu Argentine 2023- Nico Paz
30%
Milieu Brésil 2012-2013 Fabinho
28%
Milieu Brésil 2015-2019 Lucas Silva
28%
Milieu Turquie 2011-2014 Nuri Sahin
25%
Défenseur Espagne 2009-2013 Raul Albiol
25%
Milieu Turquie 2011-2012 Hamit Altintop
24%
Défenseur Espagne 2018-2020 Javi Sanchez
24%
Milieu Russie 2012-2016 Denis Cheryshev
23%
Défenseur Espagne 2018-2023 Alvaro Odriozola
21%
Milieu Argentine 2007-2012 Fernando Gago
20%
Gardien Espagne 2024- Fran González
20%
Attaquant Espagne 2017-2019 Cristo Gonzalez
18%
Milieu Espagne 2011-2013 José Callejon
18%
Milieu Pays Bas 2008-2010 Rafael Van der Vaart
17%
Attaquant Espagne 2015-2022 Borja Mayoral
15%
Défenseur Argentine 2008-2011 Ezequiel Garay
13%
Milieu Espagne 2009-2012 Granero
13%
Défenseur Espagne 2025-2025 Jacobo Ramón
13%
Défenseur Espagne 2018-2020 Sergio Reguilon
13%
Milieu Espagne 2023- Mario Martín
11%
Milieu Espagne 2010-2011 Pablo Sarabia
11%
Défenseur Espagne 2021-2022 Miguel Gutiérrez
10%
Défenseur Portugal 2011-2012 Pedro Mendes
10%
Gardien Espagne 2011-2014 Jesús
8%
Défenseur Espagne 2010-2011 Juanfran
7%
Attaquant Espagne 2014-2019 Raul de Tomas
7%
Milieu Espagne 2020-2023 Sergio Arribas
7%
Défenseur Espagne 2021-2022 Sergio Santos
7%
Gardien Espagne 2009-2013 Antonio Adan
6%
Milieu Espagne 2020-2023 Antonio Blanco
6%
Gardien Espagne 2011-2015 Fernando Pacheco
6%
Défenseur Autriche 2015-2018 Phillip Lienhart
6%
Attaquant | Milieu/attaquant Espagne 2024- Daniel Yáñez
4%
Gardien Espagne 2015-2017 Ruben Yanez
4%
Milieu Espagne 2010-2012 Sergio Canales
4%
Attaquant Espagne 2025-2025 Víctor Muñoz
4%
Milieu Espagne 2024- | 2025-2025 Chema Andrés
3%
Attaquant Espagne 2020-2021 Hugo Duro
3%
Milieu Espagne 2010-2013 Pedro Leon
3%
Milieu Espagne 2021- Peter
3%
Milieu Espagne 2017-2018 Alvaro Fidalgo
1%
Défenseur Espagne 2017-2019 Alvaro Tejero
1%
Défenseur Espagne 2010-2013 David Mateos
1%
Milieu Espagne 2017-2020 Jaime Seoane
1%
Défenseur Espagne 2010-2011 Juankar
1%
Défenseur Espagne 2021-2022 Mario Gila
1%
Milieu Espagne 2020- Marvin Park
1%
Milieu Espagne 2013-2016 Omar Mascarell
1%
Gardien Espagne 2010-2011 Tomas Mejias
1%
Défenseur Espagne 2020-2022 Victor Chust
1%
Défenseur Espagne 2024- Alvaro Carillo
0%
Défenseur Espagne 2025- Diego Aguado
0%
Attaquant Argentine 2017-2021 Francisco Feuillassier
0%
Attaquant Espagne 2022-2024 Juanmi Latasta
0%
Aucun quiz correspondant
Distribution des résultats
% des personnes avec chaque résultat
Percentile par nombre de réponses
Votre historique - résultats
Vous n’avez pas pris ce quiz depuis la dernière actualisation